Integrating the Eastern Länder How Long a Transition?

Gespeichert in:
Bibliographische Detailangaben
1. Verfasser: Siebert, Horst
Format: Buch
Sprache:Englisch
Veröffentlicht: Kiel Institut für Weltwirtschaft 1994
Ausgabe:1. ed.
Schriftenreihe:Kieler Diskussionsbeiträge 229
Schlagworte:
Tags: Tag hinzufügen
Keine Tags, Fügen Sie das erste Tag hinzu!

MARC

LEADER 00000nam a2200000 4500
001 c005388
005 20250512094613.0
020 |a 3-89456-069-X 
041 0 |a eng 
044 |a DE 
245 1 0 |a Integrating the Eastern Länder  |b How Long a Transition?  |c Horst Siebert 
250 |a 1. ed. 
264 1 |a Kiel  |b Institut für Weltwirtschaft  |c 1994 
300 |a 16 s. 
490 1 |a Kieler Diskussionsbeiträge  |v 229 
830 0 |a Kieler Diskussionsbeiträge  |v 229 
610 2 0 |a Nemecko 
610 2 0 |a politika hospodárska 
610 2 0 |a obdobie prechodné 
610 2 0 |a 1990 
610 2 0 |a politika fiškálna 
610 2 0 |a politika menová 
610 2 0 |a politika mzdová 
610 2 0 |a privatizácia 
610 2 0 |a makroekonomika 
610 2 0 |a produkt domáci hrubý 
100 1 |a Siebert, Horst